00416 2200169 4500001002100000008004100021035002000062245002400082100001700106260002800123300002600151020002200177084001400199082000800213650001000221990001500231INLIS000000000003288 ind  a0010-1225000109 aSatinecIka Natassa aNatassa, Ika aJakartabGramediac2024 a336 hlmc13,5 x 20 cm a978-602-06-7998-3 a813 IKA s a813 aFiksi a19763/B/26